000 00224nam a22000857a 4500
008 170119b xxu||||| |||| 00| 0 eng d
100 _92505
_aJaisingh.S.etal.
245 _aEnvironmental Education-4
260 _aNew Delhi
_bAPC
_c2010
999 _c5576
_d5576